Largest Cities Between 30° and 40° East - Statistics

General Stats
  • This quiz has been taken 11 times
  • The average score is 20 of 26
Answer Stats
# Population Nat. Coordinates Answer % Correct
1 22,800,000 Egypt 30°2′40″N 31°14′9″E Cairo
100%
8 4,825,000 Ethiopia 9°1′48″N 38°44′24″E Addis Ababa
91%
7 5,200,000 Turkey 39°55′48″N 32°51′00″E Ankara
91%
13 3,475,000 Ukraine 50°27′00″N 30°31′24″E Kyïv
91%
2 18,800,000 Russia 55°45′21″N 37°37′04″E Moscow
91%
5 6,350,000 Russia 59°56′15″N 30°18′31″E Saint Petersburg
91%
14 3,000,000 Israel 32.08°N 34.78°E Tel Aviv-Yafo
91%
6 6,150,000 Jordan 31°56′59″N 35°55′58″E Amman
82%
21 1,930,000 Lebanon 33°53′53″N 35°30′21″E Beirut
82%
10 3,975,000 Syria 33°30′47″N 36°18′34″E Damascus
82%
4 6,650,000 Tanzania 06°48′58″S 39°16′49″E Dar es Salaam
82%
3 7,200,000 Sudan 15°36′N 32°30′E Khartoum
82%
25 1,530,000 Saudi Arabia 24°28′12″N 39°36′36″E Medina
82%
26 1,400,000 Turkey 36.8874°N 30.7075°E Antalya
73%
15 2,675,000 Saudi Arabia 21°25′21″N 39°49′24″E Mecca
73%
19 1,980,000 Syria 36.20°N 37.16°E Aleppo
64%
12 3,900,000 South Africa 29°53′S 31°03′E Durban
64%
23 1,750,000 Turkey 37°03′57″N 37°22′41″E Gaziantep
64%
15 2,675,000 Zimbabwe 17°49′45″S 31°3′8″E Harare
64%
11 3,950,000 Saudi Arabia 21°32′36″N 39°10′22″E Jeddah
64%
9 4,300,000 Uganda 00°18′49″N 32°34′52″E Kampala
64%
20 1,960,000 Rwanda 1°56′38″S 30°3′34″E Kigali
64%
17 2,525,000 Mozambique 25°58′S 32°35′E Maputo
64%
22 1,780,000 Turkey 37°0′N 35°19.28′E Adana
55%
18 2,275,000 Palestine 31°30′27″N 34°27′35″E Gaza City
55%
24 1,580,000 Ukraine 49°59′33″N 36°13′52″E Kharkiv
55%
No matching quizzes found
Score Distribution
Percent of People with Each Score
Percentile by Number Answered
Your Score History
You have not taken this quiz